Statistiken für Alle Pokémon - Attacken vom Typ "Elektro"

Klicken Sie hier um das Quiz zu spielen!

Allgemein

  • Dieses Quiz wurde 7 mal gespielt
    (5 seit der letzten Aktualisierung)
  • Das Durchschnittsergebnis liegt bei 11 aus 49

Antwortstatistiken

Attacke% Korrekt
Donner
100%
Donnerblitz
100%
Donnerschlag
100%
Donnerschock
100%
Donnerwelle
100%
Donnerzahn
50%
Elektroball
50%
Elektrofeld
50%
Elektronetz
50%
Ladestrahl
50%
Voltwechsel
50%
Blitzkanone
25%
Blitzschlag
25%
Blitztour
25%
Elektropikser
25%
Ladevorgang
25%
Magnetflug
25%
Schockwelle
25%
Stromstrahl
25%
Volttackle
25%
Wangenrubbler
25%
Blitzgefängnis
0%
Blitz -Wellenritt
0%
Britzelturbo
0%
Donnerorkan
0%
Donnerstoß
0%
Dyna -Gewitter
0%
Elektrifizierung
0%
Funkensprung
0%
Giga -Blitzhagel
0%
Gigavolt -Funkensalve
0%
Giga -Voltschlag
0%
Hochspannung
0%
Knisterladung
0%
Kreuzdonner
0%
Ladungsstoß
0%
Magnetregler
0%
Mystowellen
0%
Overdrive
0%
Parabolladung
0%
Perfektes Pika - Projektil
0%
Pika -Flash
0%
Plasmafäuste
0%
Plasmaschauer
0%
Schockschnabel
0%
Stromstoß
0%
Sturmblitz
0%
Tausendfacher Donnerblitz
0%
Zweifachladung
0%

Verteilung der Resultate

Perzentil nach korrekt beantworteten Fragen

Anzahl Personen mit jedem Resultat

Ihre Resultats-Entwicklung

Sie haben dieses Quiz seit der letzten Aktualisierung nicht gespielt